01380cam a22003011 4500001001300000003000400013005001700017008004100034010001700075035001900092040004300111043001200154050002500166110004800191245011000239260004300349300001900392490006200411500010400473500012200577500006200699650003800761650003200799710011200831700004000943740007800983999001701061l 16000014 DLC20260227111526.0791031s1916 dcu f001 0 eng c al 16000014  a(OCoLC)5630762 aU.S. Dept. of Labor Libr.cNGenoUdDLC an-us---00aHD8051b.A62 no. 1751 aUnited States.bBureau of Labor Statistics.10aSummary of the Report on condition of woman and child wage earners in the United States.cDecember, 1915. aWashington,bGovt. Print. Off.,c1916. a445 p.c24 cm.0 aBulletin, wholevno. 175. Women in industry series, no. 5 aAt head of title: U.S. Department of Labor. Bureau of Labor Statistics. Royal Meeker, commissioner. aThe report, issued in 19 volumes, 1910-13, was prepared under the direction of Chas. P. Neill, commissioner of labor. aIssued also as House doc. 1708, U.S., 63d Cong., 3d sess. 0aWomenxEmploymentzUnited States. 0aChild laborzUnited States.1 aUnited States.bBureau of Labor.tReport on condition of woman and child wage earners in the United States.1 aNeill, Charles Patrick,d1865-1942.0 aReport on condition of woman and child wage earners in the United States. c35518d35518